Soalan-soalan peperiksaan akhir intensif Bahasa Arab & Inggeris & matematik tahun 1990

Bibliographic Details
Corporate Author: Kolej Ugama Sultan Zainal Abidin
Format: Book
Published: 1990
Subjects:

MARC

LEADER 00000cam a2200000 7i4500
001 0000008223
005 20200113093000.0
008 021119n
090 0 0 |a PJ6119   |b .K6 1990 
110 0 |a Kolej Ugama Sultan Zainal Abidin   |c Sekolah Pengajian Lanjutan 
245 0 0 |a Soalan-soalan peperiksaan akhir intensif Bahasa Arab & Inggeris & matematik tahun 1990 
260 2 |c 1990 
300 |a 1 j. ;   |c 30 sm. 
650 0 |a Arabic language   |x Examinations, questions, etc. 
650 0 |a Mathematics   |x Examinations, questions, etc. 
650 0 |a Universities and colleges   |z Terengganu   |x Examinations 
999 |a 1000033762   |b Book   |c Open Shelf (7 days)   |e Gong Badak Campus 
999 |a 1000036098   |b Book   |c Open Shelf (7 days)   |e Gong Badak Campus 
999 |a 1000036099   |b Book   |c Open Shelf (7 days)   |e Gong Badak Campus